Central Library and Information Centre
Sibsagar Girls' College, Sivasagar : Assam

ORGANIC CHEMISTRY (VOL-II) (Record no. 2946)

MARC details
000 -LEADER
fixed length control field 00470cam a2200193ua 4500
008 - FIXED-LENGTH DATA ELEMENTS--GENERAL INFORMATION
fixed length control field 131128n II |||gr||||Z||||||eng
040 ## - CATALOGING SOURCE
Original cataloging agency MAIN
041 ## - LANGUAGE CODE
-- English
082 ## - DEWEY DECIMAL CLASSIFICATION NUMBER
Classification number 547 MUK
100 ## - MAIN ENTRY--PERSONAL NAME
Personal name MUKHERJI, S.M.
245 ## - TITLE STATEMENT
Title ORGANIC CHEMISTRY (VOL-II)
260 ## - PUBLICATION, DISTRIBUTION, ETC.
Place of publication, distribution, etc. [s.l]:
Name of publisher, distributor, etc. NEW AGE INTERNATIONAL LTD,
Date of publication, distribution, etc. 2006.
300 ## - PHYSICAL DESCRIPTION
Extent 958:
Dimensions 22CM.
700 ## - ADDED ENTRY--PERSONAL NAME
Personal name SINGH, S.P.
700 ## - ADDED ENTRY--PERSONAL NAME
Personal name KAPOOR, R.P.
942 ## - ADDED ENTRY ELEMENTS (KOHA)
Koha item type Books
653 ## - INDEX TERM--UNCONTROLLED
Uncontrolled term Chemistry & allied sciences
Holdings
Withdrawn status Lost status Damaged status Not for loan Collection code Home library Current library Shelving location Date acquired Full call number Barcode Date last seen Copy number Price effective from Koha item type Public note
        REFBOT Central Library and Information Centre Sibsagar Girls College Central Library and Information Centre Sibsagar Girls College BOTANY BOOK RACK 01.08.2006 547 MUK 21130 27.02.2020 1 27.02.2020 Books V


Sibsagar Girl's College © 2020. All rights reserved.
Powered by Koha.
Maintained by Abhijit Borpuzari.